<?xml version="1.0" encoding="UTF-8"?>
<collection xmlns="http://www.loc.gov/MARC21/slim">
<record>
  <controlfield tag="001">110734</controlfield>
  <controlfield tag="005">20230111103845.0</controlfield>
  <datafield tag="024" ind1="7" ind2=" ">
    <subfield code="2">doi</subfield>
    <subfield code="a">10.24197/ersjes.42.2021.199-215</subfield>
  </datafield>
  <datafield tag="024" ind1="8" ind2=" ">
    <subfield code="2">sideral</subfield>
    <subfield code="a">127207</subfield>
  </datafield>
  <datafield tag="037" ind1=" " ind2=" ">
    <subfield code="a">ART-2021-127207</subfield>
  </datafield>
  <datafield tag="041" ind1=" " ind2=" ">
    <subfield code="a">eng</subfield>
  </datafield>
  <datafield tag="100" ind1=" " ind2=" ">
    <subfield code="a">Nadal-Ruiz, Alejandro</subfield>
    <subfield code="u">Universidad de Zaragoza</subfield>
    <subfield code="0">(orcid)0000-0001-5620-8300</subfield>
  </datafield>
  <datafield tag="245" ind1=" " ind2=" ">
    <subfield code="a">Celebrating Cultural Hybridity through Storytelling: Othello as a Borderlands Character in Caryl Phillips'' the Nature of Blood</subfield>
  </datafield>
  <datafield tag="260" ind1=" " ind2=" ">
    <subfield code="c">2021</subfield>
  </datafield>
  <datafield tag="506" ind1="0" ind2=" ">
    <subfield code="a">Access copy available to the general public</subfield>
    <subfield code="f">Unrestricted</subfield>
  </datafield>
  <datafield tag="520" ind1="3" ind2=" ">
    <subfield code="a">This paper provides a new approach to Othello's story in Caryl Phillips' polyphonic novel The Nature of Blood (1997). The fictional Othello finds himself at the crossroads between different cultures and is struggling to define his identity. Making use of Gloria Anzaldúa's borderlands theory as exposed in her work Borderlands/La Frontera (1987), this study explores Phillips' Othello as a borderlands character. Accordingly, it is the purpose of this paper to demonstrate that, as a borderlands character-narrator, Othello succeeds in bringing together the two hitherto conflicting cultures that he knows (Africa and Venice) through storytelling. Indeed, his narrative proves a transborder testimony that contributes to creating a debate forum where cultural hybridity is celebrated. © 2021 Ediciones Universidad de Valladolid. All Rights Reserved.</subfield>
  </datafield>
  <datafield tag="536" ind1=" " ind2=" ">
    <subfield code="9">info:eu-repo/grantAgreement/ES/DGA/H03-20R</subfield>
    <subfield code="9">info:eu-repo/grantAgreement/ES/MCIU/FFI2017-84258-P</subfield>
    <subfield code="9">info:eu-repo/grantAgreement/ES/MCIU/FPU18-00782</subfield>
  </datafield>
  <datafield tag="540" ind1=" " ind2=" ">
    <subfield code="9">info:eu-repo/semantics/openAccess</subfield>
    <subfield code="a">by</subfield>
    <subfield code="u">http://creativecommons.org/licenses/by/3.0/es/</subfield>
  </datafield>
  <datafield tag="594" ind1=" " ind2=" ">
    <subfield code="a">0.3</subfield>
    <subfield code="b">2021</subfield>
  </datafield>
  <datafield tag="655" ind1=" " ind2="4">
    <subfield code="a">info:eu-repo/semantics/article</subfield>
    <subfield code="v">info:eu-repo/semantics/publishedVersion</subfield>
  </datafield>
  <datafield tag="710" ind1="2" ind2=" ">
    <subfield code="1">3004</subfield>
    <subfield code="2">345</subfield>
    <subfield code="a">Universidad de Zaragoza</subfield>
    <subfield code="b">Dpto. Filolog.Inglesa y Alema.</subfield>
    <subfield code="c">Área Filología Inglesa</subfield>
  </datafield>
  <datafield tag="773" ind1=" " ind2=" ">
    <subfield code="g">42 (2021), 199-215</subfield>
    <subfield code="p">ES rev. filol. ing.</subfield>
    <subfield code="t">Es Review, Spanish Journal of English Studies</subfield>
    <subfield code="x">2531-1646</subfield>
  </datafield>
  <datafield tag="856" ind1="4" ind2=" ">
    <subfield code="s">416470</subfield>
    <subfield code="u">http://zaguan.unizar.es/record/110734/files/texto_completo.pdf</subfield>
    <subfield code="y">Versión publicada</subfield>
  </datafield>
  <datafield tag="856" ind1="4" ind2=" ">
    <subfield code="s">1697535</subfield>
    <subfield code="u">http://zaguan.unizar.es/record/110734/files/texto_completo.jpg?subformat=icon</subfield>
    <subfield code="x">icon</subfield>
    <subfield code="y">Versión publicada</subfield>
  </datafield>
  <datafield tag="909" ind1="C" ind2="O">
    <subfield code="o">oai:zaguan.unizar.es:110734</subfield>
    <subfield code="p">articulos</subfield>
    <subfield code="p">driver</subfield>
  </datafield>
  <datafield tag="951" ind1=" " ind2=" ">
    <subfield code="a">2023-01-11-10:11:12</subfield>
  </datafield>
  <datafield tag="980" ind1=" " ind2=" ">
    <subfield code="a">ARTICLE</subfield>
  </datafield>
</record>
</collection>